<?xml version="1.0" encoding="UTF-8"?>
<record
    xmlns:xsi="http://www.w3.org/2001/XMLSchema-instance"
    xsi:schemaLocation="http://www.loc.gov/MARC21/slim http://www.loc.gov/standards/marcxml/schema/MARC21slim.xsd"
    xmlns="http://www.loc.gov/MARC21/slim">

  <leader>12700nam a2200673 i 4500</leader>
  <controlfield tag="003">DO-SdBNP</controlfield>
  <controlfield tag="005">20260114121206.0</controlfield>
  <controlfield tag="007">ta</controlfield>
  <controlfield tag="008">100222s1978    dr ab   r     001 0 spa d</controlfield>
  <datafield tag="040" ind1=" " ind2=" ">
    <subfield code="a">DO-SdBNP</subfield>
    <subfield code="b">spa</subfield>
    <subfield code="c">BNPHU</subfield>
    <subfield code="e">rda</subfield>
  </datafield>
  <datafield tag="082" ind1=" " ind2=" ">
    <subfield code="a">372.832</subfield>
    <subfield code="b">V768m</subfield>
  </datafield>
  <datafield tag="100" ind1="1" ind2=" ">
    <subfield code="a">Vincent Cepeda, Rosa A.</subfield>
    <subfield code="9">35868</subfield>
  </datafield>
  <datafield tag="240" ind1=" " ind2=" ">
    <subfield code="a">[C&#xED;vica]</subfield>
  </datafield>
  <datafield tag="245" ind1="1" ind2="0">
    <subfield code="a">Manual de c&#xED;vica /</subfield>
    <subfield code="c">Rosa A. Vincent Cepeda.</subfield>
  </datafield>
  <datafield tag="264" ind1=" " ind2="1">
    <subfield code="a">Santo Domingo :</subfield>
    <subfield code="b">Amigo del Hogar,</subfield>
    <subfield code="c">1978.</subfield>
  </datafield>
  <datafield tag="300" ind1=" " ind2=" ">
    <subfield code="a">175 p&#xE1;ginas</subfield>
    <subfield code="a">ilustraciones, mapa </subfield>
    <subfield code="c">22 cm.</subfield>
  </datafield>
  <datafield tag="336" ind1=" " ind2=" ">
    <subfield code="2">rdacontent</subfield>
    <subfield code="a">texto</subfield>
    <subfield code="b">txt</subfield>
  </datafield>
  <datafield tag="337" ind1=" " ind2=" ">
    <subfield code="2">rdamedia</subfield>
    <subfield code="a">sin mediaci&#xF3;n</subfield>
    <subfield code="b">n</subfield>
  </datafield>
  <datafield tag="338" ind1=" " ind2=" ">
    <subfield code="2">rdacarrier</subfield>
    <subfield code="a">volumen</subfield>
    <subfield code="b">nc</subfield>
  </datafield>
  <datafield tag="504" ind1=" " ind2=" ">
    <subfield code="a">Bibliograf&#xED;a p: 165</subfield>
  </datafield>
  <datafield tag="505" ind1="0" ind2=" ">
    <subfield code="a">Cap&#xED;tulo 1 :</subfield>
    <subfield code="t">Concepto de la sociedad.-- </subfield>
    <subfield code="t">&#xD3;rgano de que se compone la sociedad.-- </subfield>
    <subfield code="t">Funciones de cada uno de los &#xF3;rganos sociales.-- </subfield>
    <subfield code="t">El 2do. &#xF3;rgano es la familia.-- </subfield>
    <subfield code="t">La regi&#xF3;n es el 4to. &#xF3;rgano del organismo social.-- </subfield>
    <subfield code="t">El 5to. &#xF3;rgano es la naci&#xF3;n.-- </subfield>
    <subfield code="t">Sociedad internacional o familia de naciones.-- </subfield>
    <subfield code="t">La educaci&#xF3;n c&#xED;vica como reguladora de estas funciones.-- </subfield>
    <subfield code="t">El derecho y el deber como base del bienestar social. /</subfield>
  </datafield>
  <datafield tag="505" ind1="0" ind2=" ">
    <subfield code="a">Cap&#xED;tulo 2 :</subfield>
    <subfield code="t">El individuo como &#xF3;rgano social.-- </subfield>
    <subfield code="t">Ideas generales de nacionalidad.-- </subfield>
    <subfield code="t">El ciudadano.-- </subfield>
    <subfield code="t">El civismo. su definici&#xF3;n y sus finalidades.-- </subfield>
    <subfield code="t">Sus finalidades.-- </subfield>
    <subfield code="t">Las diferentes formas de adquirir la mayoridad pol&#xED;tica y la mayoridad civil. /</subfield>
  </datafield>
  <datafield tag="505" ind1="0" ind2=" ">
    <subfield code="a">Cap&#xED;tulo 3 :</subfield>
    <subfield code="t">Los deberes del ciudadano.-- </subfield>
    <subfield code="t">Obediencia a las leyes.-- </subfield>
    <subfield code="t">El deber del voto.-- </subfield>
    <subfield code="t">El deber del voto.-- </subfield>
    <subfield code="t">El pago del impuesto.-- </subfield>
    <subfield code="t">El deber de instruirse.-- </subfield>
    <subfield code="t">Derecho que engendra la condici&#xF3;n de ciudadano.-- </subfield>
    <subfield code="t">Derecho al sufragio.-- </subfield>
    <subfield code="t">Inviolabilidad de la correspondencia.-- </subfield>
    <subfield code="t">Derechos de ejercer cualquier profesi&#xF3;n. /</subfield>
  </datafield>
  <datafield tag="505" ind1="0" ind2=" ">
    <subfield code="a">Cap&#xED;tulo 4 :</subfield>
    <subfield code="t">Derecho del voto. su universalidad.-- </subfield>
    <subfield code="t">El voto obligatorio.-- </subfield>
    <subfield code="t">Libertad de reuniones.-- </subfield>
    <subfield code="t">Libertad de cultos.-- </subfield>
    <subfield code="t">Libertad de ense&#xF1;anza.-- </subfield>
    <subfield code="t">Libertad de expresi&#xF3;n.-- </subfield>
    <subfield code="t">Derechos inherentes a la personalidad humana, consagrados en nuestra constituci&#xF3;n.-- </subfield>
    <subfield code="t">La inviolabilidad de la vida.-- </subfield>
    <subfield code="t">La seguridad individual.-- </subfield>
    <subfield code="t">La libertad de trabajo.-- </subfield>
    <subfield code="t">Libertad de empresa.-- </subfield>
    <subfield code="t">Libertad de tr&#xE1;nsito.-- </subfield>
    <subfield code="t">Derechos sociales. /</subfield>
  </datafield>
  <datafield tag="505" ind1="0" ind2=" ">
    <subfield code="a">Cap&#xED;tulo 5 :</subfield>
    <subfield code="t">La revoluci&#xF3;n francesa. causas.- origen de la consagraci&#xF3;n de los derechos humanos.- el origen hist&#xF3;rico de la primera constituci&#xF3;n francesa.- formaci&#xF3;n de las Rep&#xFA;blicas Americanas.- causas precursoras de la independencia latinoamericana.- Rep&#xFA;blicas americanas.-</subfield>
  </datafield>
  <datafield tag="505" ind1="0" ind2=" ">
    <subfield code="a">Cap&#xED;tulo 6 :</subfield>
    <subfield code="t">La familia como &#xF3;rgano social.-- </subfield>
    <subfield code="t">La instituci&#xF3;n del matrimonio.-- </subfield>
    <subfield code="t">Matrimonio.-- </subfield>
    <subfield code="t">Condiciones para contraer matrimonio.-- </subfield>
    <subfield code="t">Prohibiciones.-- </subfield>
    <subfield code="t">Celebraci&#xF3;n.-- </subfield>
    <subfield code="t">Efectos.-- </subfield>
    <subfield code="t">Disoluci&#xF3;n.-- </subfield>
    <subfield code="t">El divorcio.-- </subfield>
    <subfield code="t">Patria potestad.-- </subfield>
    <subfield code="t">La supervigilancia.-- </subfield>
    <subfield code="t">La emancipaci&#xF3;n.-- </subfield>
    <subfield code="t">La patria potestad cesa.-- </subfield>
    <subfield code="t">La tutela. /</subfield>
  </datafield>
  <datafield tag="505" ind1="0" ind2=" ">
    <subfield code="a">Cap&#xED;tulo 7 :</subfield>
    <subfield code="t">Los municipios.-- </subfield>
    <subfield code="t">Sus diferentes nombres.-- </subfield>
    <subfield code="t">Su formaci&#xF3;n y composici&#xF3;n.-- </subfield>
    <subfield code="t">Su funcionamiento.-- </subfield>
    <subfield code="t">Personalidad de la com&#xFA;n.-- </subfield>
    <subfield code="t">R&#xE9;gimen Municipal en la Rep&#xFA;blica Dominicana.-- </subfield>
    <subfield code="t">Nombramientos y funciones principales.-- </subfield>
    <subfield code="t">Conceptos de la independencia o autonom&#xED;a de los ayuntamientos.-- </subfield>
    <subfield code="t">Distinci&#xF3;n entre el dominio p&#xFA;blico y dominio comunal.-- </subfield>
    <subfield code="t">Catastro.-- </subfield>
    <subfield code="t">Ventajas de la autonom&#xED;a municipal.-- </subfield>
    <subfield code="t">Alcalde ped&#xE1;neos.-- </subfield>
    <subfield code="t">Liga municipal.-- </subfield>
    <subfield code="t">Ayuntamiento del municipio de Santiago.-- </subfield>
    <subfield code="t">Estado demostrativo y la operaciones.....36-37-38-39-40-41. /</subfield>
  </datafield>
  <datafield tag="505" ind1="0" ind2=" ">
    <subfield code="a">Cap&#xED;tulo 8 :</subfield>
    <subfield code="t">La provincia.-- </subfield>
    <subfield code="t">Bosquejo hist&#xF3;rico.-- </subfield>
    <subfield code="t">Mapa de la Rep&#xFA;blica Dominicana.-- </subfield>
    <subfield code="t">El r&#xE9;gimen provincial. su organizaci&#xF3;n y su gobierno.-- </subfield>
    <subfield code="t">Leyes que rigen la provincia.-- </subfield>
    <subfield code="t">El consejo del distrito. origen y su raz&#xF3;n.-- </subfield>
    <subfield code="t">Distrito Nacional.-- </subfield>
    <subfield code="t">Organizaci&#xF3;n del distrito de Santo Domingo.-- </subfield>
    <subfield code="t">Sus atribuciones. /</subfield>
  </datafield>
  <datafield tag="505" ind1="0" ind2=" ">
    <subfield code="a">Cap&#xED;tulo 9 :</subfield>
    <subfield code="t">La naci&#xF3;n. conceptos generales. diferencia entre pa&#xED;s, naci&#xF3;n.--</subfield>
    <subfield code="t"> El Estado.-- </subfield>
    <subfield code="t">Atribuciones del Estado.-- </subfield>
    <subfield code="t">El patriotismo como principal deber ciudadano.-- </subfield>
    <subfield code="t">El amor patrio.-- </subfield>
    <subfield code="t">El amor provincial.-- </subfield>
    <subfield code="t">El amor comunal.-- </subfield>
    <subfield code="t">El cosmopolitismo como base de la sociedad Universal.--</subfield>
    <subfield code="t">Cosmopolita./</subfield>
  </datafield>
  <datafield tag="505" ind1="0" ind2=" ">
    <subfield code="a">Cap&#xED;tulo 10 :</subfield>
    <subfield code="t">La moral y la religi&#xF3;n como fuentes reguladoras de la colectividad.-- </subfield>
    <subfield code="t">Ventajas que engendra la humanidad a la rectitud de la moral y la generalidad y pureza de la religi&#xF3;n. /</subfield>
  </datafield>
  <datafield tag="505" ind1="0" ind2=" ">
    <subfield code="a">Cap&#xED;tulo 11 :</subfield>
    <subfield code="t">Ideas acerca de los gobiernos.-- </subfield>
    <subfield code="t">El gobierno nacional.-- </subfield>
    <subfield code="t">Diferentes sistemas de gobierno.-- </subfield>
    <subfield code="t">An&#xE1;lisis cr&#xED;tico de las diferentes formas de gobierno y sus or&#xED;genes.-- </subfield>
    <subfield code="t">Monarqu&#xED;as constitucionales.-- </subfield>
    <subfield code="t">Las rep&#xFA;blica unitarias.-- </subfield>
    <subfield code="t">Las rep&#xFA;blicas confederadas.--</subfield>
    <subfield code="t"> Los reg&#xED;menes autocr&#xE1;ticos. /</subfield>
  </datafield>
  <datafield tag="505" ind1="0" ind2=" ">
    <subfield code="a">Cap&#xED;tulo 12 :</subfield>
    <subfield code="t">La monarqu&#xED;a absoluta.-- </subfield>
    <subfield code="t">La democracia.-- </subfield>
    <subfield code="t">La democracia parlamentaria y la democracia presidencial.-- </subfield>
    <subfield code="t">La democracia de tipo mon&#xE1;rquico y la democracia de tipo republicano.-- </subfield>
    <subfield code="t">Democracia formal y la democracia aut&#xE9;ntica.-- </subfield>
    <subfield code="t">La democracia aut&#xE9;ntica.-- </subfield>
    <subfield code="t">Inconvenientes.--</subfield>
    <subfield code="t"> La dictadura.--</subfield>
    <subfield code="t"> La oligarqu&#xED;a.-- </subfield>
    <subfield code="t">Formas de oligarqu&#xED;as.-- </subfield>
    <subfield code="t">La teocracia.-- </subfield>
    <subfield code="t">Gobierno por decreto. /</subfield>
  </datafield>
  <datafield tag="505" ind1="0" ind2=" ">
    <subfield code="a">Cap&#xED;tulo 13 :</subfield>
    <subfield code="t">El poder. c&#xF3;mo se ejerce y en qui&#xE9;n reside.-- </subfield>
    <subfield code="t">El poder legal en oposici&#xF3;n con la fuerza bruta.--</subfield>
    <subfield code="t"> Ilegalidad del poder usurpado. /</subfield>
  </datafield>
  <datafield tag="505" ind1="0" ind2=" ">
    <subfield code="a">Cap&#xED;tulo 14 :</subfield>
    <subfield code="t">El poder ejecutivo.-- </subfield>
    <subfield code="t">Su ejercicio y constituci&#xF3;n.-- </subfield>
    <subfield code="t">Elecci&#xF3;n del presidente de la Rep&#xFA;blica.-- </subfield>
    <subfield code="t">Nombramientos y atribuciones.-- </subfield>
    <subfield code="t">Deberes y derechos consagrados en la constituci&#xF3;n.-- El ejecutivo como jefe de la administraci&#xF3;n p&#xFA;blica.-- Los auxiliares del poder ejecutivo.-- Secretarios de estado o ministros.-- Condiciones requeridas para ser secretario de estado.-- Su responsabilidad administrativa. /</subfield>
    <subfield code="t">El ejecutivo como jefe de la administraci&#xF3;n p&#xFA;blica.-- </subfield>
    <subfield code="t">Los auxiliares del poder ejecutivo.-- </subfield>
    <subfield code="t">Secretarios de estado o ministros.-- </subfield>
    <subfield code="t">Condiciones requeridas para ser secretario de estado.-- </subfield>
    <subfield code="t">Su responsabilidad administrativa. /</subfield>
  </datafield>
  <datafield tag="505" ind1="0" ind2=" ">
    <subfield code="a">Cap&#xED;tulo 15 :</subfield>
    <subfield code="t">Decretos.-- Reglamentos y ordenanzas.-- Decretos leyes.-- Sus diferencias con las leyes.-- Su alcance y y aplicaci&#xF3;n.-- Las &#xF3;rdenes departamentales y las circulares.-- Circulares. /</subfield>
    <subfield code="t">Reglamentos y ordenanzas.-- </subfield>
    <subfield code="t">Decretos leyes.-- </subfield>
    <subfield code="t">Sus diferencias con las leyes.-- </subfield>
    <subfield code="t">Su alcance y y aplicaci&#xF3;n.-- </subfield>
    <subfield code="t">Las &#xF3;rdenes departamentales y las circulares.-- </subfield>
    <subfield code="t">Circulares. /</subfield>
  </datafield>
  <datafield tag="505" ind1="0" ind2=" ">
    <subfield code="a">Cap&#xED;tulo 16 :</subfield>
    <subfield code="t">El poder legislativo.-- </subfield>
    <subfield code="t">Su nombramiento y composici&#xF3;n. /</subfield>
  </datafield>
  <datafield tag="505" ind1="0" ind2=" ">
    <subfield code="a">Cap&#xED;tulo 17 :</subfield>
    <subfield code="t">Atribuciones comunes a ambas c&#xE1;maras.--</subfield>
    <subfield code="t"> La asamblea nacional.-- </subfield>
    <subfield code="t">El congreso nacional.-- </subfield>
    <subfield code="t">Atribuciones de las c&#xE1;maras reunidas en asamblea nacional.-- </subfield>
    <subfield code="t">Representaci&#xF3;n funcional.-- </subfield>
    <subfield code="t">Representaci&#xF3;n de las minor&#xED;as.-- </subfield>
    <subfield code="t">Inmunidad legislativa. / </subfield>
  </datafield>
  <datafield tag="505" ind1="0" ind2=" ">
    <subfield code="a">Cap&#xED;tulo 18 :</subfield>
    <subfield code="t">El senado.-- </subfield>
    <subfield code="t">Su elecci&#xF3;n y componentes.-- </subfield>
    <subfield code="t">Requisitos necesario para ser senador.-- </subfield>
    <subfield code="t">Atribuciones propias de esta investidura.-- </subfield>
    <subfield code="t">Funciones exclusivas del senado. /</subfield>
  </datafield>
  <datafield tag="505" ind1="0" ind2=" ">
    <subfield code="a">Cap&#xED;tulo 19 :</subfield>
    <subfield code="t">La c&#xE1;mara de diputados.- su elecci&#xF3;n y componentes.- requisitos necesarios para ser diputado.- atribuciones propias de esta investidura.- independencia e inmunidad de las funciones legislativas.-</subfield>
  </datafield>
  <datafield tag="505" ind1="0" ind2=" ">
    <subfield code="a">Cap&#xED;tulo 20 :</subfield>
    <subfield code="t">De las leyes.- concepto general de la legislaci&#xF3;n.-  concepto general de la legislaci&#xF3;n.-  el poder legislativo.- los diferentes c&#xF3;digos y las materias que tratan.-- c&#xF3;digo de comercio.- c&#xF3;digo penal.- el c&#xF3;digo de procedimiento criminal.- c&#xF3;digos extranjeros.- leyes org&#xE1;nicas.- leyes especiales.- leyes generales.- la promulgaci&#xF3;n y publicaci&#xF3;n de la leyes.- publicaciones.- el poder constituyente.- ley temporal.- adopci&#xF3;n del c&#xF3;digo civil en la Rep&#xFA;blica Dominicana.- modificaciones del c&#xF3;digo.- cuestionario.-</subfield>
  </datafield>
  <datafield tag="505" ind1="0" ind2=" ">
    <subfield code="a">Cap&#xED;tulo 21 :</subfield>
    <subfield code="t">El poder judicial.- su formaci&#xF3;n.- qui&#xE9;nes lo integran.- la suprema corte de justicia.- condiciones requeridas para ser miembros del poder judicial.- atribuciones de la suprema corte de justicia.- corte de apelaci&#xF3;n.- procurador general.- tribunal de tierras.- organizaci&#xF3;n.- oficinas de registro de t&#xED;tulos.- juzgados de primera instancia.- jurado de oposici&#xF3;n.- tribunales tutelares de menores.- ministerios p&#xFA;blicos.- la jurisprudencia.-  atribuciones.- juzgado de paz (alcald&#xED;as).- </subfield>
    <subfield code="t"> composici&#xF3;n.- atribuciones.- c&#xE1;mara de cuentas.- sus atribuciones.- la justicia como funci&#xF3;n social.- su importancia para el desarrollo arm&#xF3;nico de la naci&#xF3;n.-</subfield>
  </datafield>
  <datafield tag="505" ind1="0" ind2=" ">
    <subfield code="a">Cap&#xED;tulo 22 :</subfield>
    <subfield code="t">Cuestionario.- sistema penitenciario.- papel consecuencial de la pena.- nociones de las sanciones penales, civiles y pol&#xED;ticas.- la moral como freno a la delincuencia.- delincuencia juvenil.- modos sociales de prevenir la delincuencia.- tema para desarrollar.-</subfield>
  </datafield>
  <datafield tag="505" ind1="0" ind2=" ">
    <subfield code="a">Cap&#xED;tulo 23 :</subfield>
    <subfield code="t">La constituci&#xF3;n del Estado.- sus definiciones y fines.- otra definici&#xF3;n de constituci&#xF3;n.- leyes ordinarias o comunes,- la primera constituci&#xF3;n dominicana.- la constituyente.- su integraci&#xF3;n y fines.- reformas constitucionales.- cuestionario.-</subfield>
  </datafield>
  <datafield tag="505" ind1="0" ind2=" ">
    <subfield code="a">Cap&#xED;tulo 24 :</subfield>
    <subfield code="t">El poder electoral.- el sufragio  universal.- no pueden ejercer el sufragio.- el poder de la prensa como &#xF3;rgano complementario del gobierno. su importancia en las constituciones democr&#xE1;ticas.- funciones electivas.- tema para desarrollo.-</subfield>
  </datafield>
  <datafield tag="505" ind1="0" ind2=" ">
    <subfield code="a">Cap&#xED;tulo 25 :</subfield>
    <subfield code="t">Las menor&#xED;as en los reg&#xED;menes democr&#xE1;ticos.- La representaci&#xF3;n de las minor&#xED;as.- El voto limitado.- la presentaci&#xF3;n proporcional.- el n&#xFA;mero &#xFA;nico.-  los dictadores.- las tiran&#xED;as males sociales de estos sistemas de gobierno.- breve historia de dictaduras y tiran&#xED;as americanas.- explica,-</subfield>
  </datafield>
  <datafield tag="505" ind1="0" ind2=" ">
    <subfield code="a">Cap&#xED;tulo 26 :</subfield>
    <subfield code="t">Los partidos pol&#xED;ticos.- causa de los partidos.- a qu&#xE9; se llama partidos de principios o ideol&#xF3;gicos.- partidos personalistas.- partidos derechistas.- partidos izquierdista.- partidos de oposici&#xF3;n.- desarrolla:.-</subfield>
  </datafield>
  <datafield tag="505" ind1="0" ind2=" ">
    <subfield code="a">Cap&#xED;tulo 27 :</subfield>
    <subfield code="t">La administraci&#xF3;n p&#xFA;blica. el funcionamiento y el empleo del presidente como jefe de la administraci&#xF3;n p&#xFA;blica.- el funcionamiento y el empleo p&#xFA;blico.-  servicios generales.- servicios facultativos.- disposiciones general.- los impuestos.- oficinas auxiliares,.- principales servicios p&#xFA;blicos administrativos.- direcci&#xF3;n central.- tesoro nacional.- el contralor y auditor general.- oficinas centrales.- el director del presupuesto.- servicios facultativos.- la ense&#xF1;anza.- idea de los fines y organizaci&#xF3;n de la educaci&#xF3;n p&#xFA;blica.- el consejo nacional de educaci&#xF3;n.- ense&#xF1;anza universitaria.- educaci&#xF3;n.- salud previsi&#xF3;n  social.-</subfield>
    <subfield code="t">Agricultura.- industria y trabajo.- trabajo.- divisi&#xF3;n de asuntos laborales e internacionales.- divisi&#xF3;n de la direcci&#xF3;n general de trabajo.- ley de registro.- comercio,- finanzas o hacienda p&#xFA;blica.- relaciones exteriores.-ventajas de una ley reguladora de los servicios p&#xFA;blicos.- ley de gastos p&#xFA;blicos.- procedimiento.- dominio del Estado.-</subfield>
  </datafield>
  <datafield tag="505" ind1="0" ind2=" ">
    <subfield code="a">Cap&#xED;tulo 28 :</subfield>
    <subfield code="t">Las fuerzas armadas.- polic&#xED;a administrativa.- polic&#xED;a especial.- ej&#xE9;rcito nacional.- polic&#xED;a rural.- n&#xF3;minas que forman un ej&#xE9;rcito.- secretar&#xED;a de Estado de la Presidencia.- secretar&#xED;a de las fuerzas armadas.- procuradur&#xED;a general de la rep&#xFA;blica.- c&#xE9;dula de identificaci&#xF3;n personal.- direcci&#xF3;n general de la c&#xE9;dula de identificaci&#xF3;n personal.-</subfield>
  </datafield>
  <datafield tag="505" ind1="0" ind2=" ">
    <subfield code="a">Cap&#xED;tulo 29 :</subfield>
    <subfield code="t">Servicio diplom&#xE1;tico.- servicio consular.- tratado.- obligaciones de la Rep&#xFA;blica Dominicana.- principales &#xF3;rganos internacionales de confraternidad.-</subfield>
  </datafield>
  <datafield tag="505" ind1="0" ind2=" ">
    <subfield code="a">Cap&#xED;tulo 30 :</subfield>
    <subfield code="t">El trabajo.- el trabajo como necesidad nacional.- los gremios y entidades laborales.- entidades laborales.- sindicato obrero.- sindicato patronal.- origen de la lucha entre el capital y el trabajo.-</subfield>
  </datafield>
  <datafield tag="505" ind1="0" ind2=" ">
    <subfield code="a">Cap&#xED;tulo 31 : </subfield>
    <subfield code="t">Relaciones entre patrones y obreros.- riqueza.- monopolios.- los monopolios legales.- los monopolios de hechos.- los latifundios.-modo de corregirlos.- los minifundios.- derechos de huelga o paros y sus consecuencias. cuando est&#xE1;n fuera de la ley.-  las clases trabajadoras y los patronos.- artesan&#xED;a.-</subfield>
  </datafield>
  <datafield tag="505" ind1="0" ind2=" ">
    <subfield code="a">Cap&#xED;tulo 32 :</subfield>
    <subfield code="t">La costumbre.- la corrupci&#xF3;n de la costumbre.- el fanatismo.- la supercher&#xED;a.-</subfield>
  </datafield>
  <datafield tag="505" ind1="0" ind2=" ">
    <subfield code="a">Cap&#xED;tulo 33 :</subfield>
    <subfield code="t">Las naciones unidas.- fines principales.- la Unesco.- los derechos del hombre.- declaraci&#xF3;n universal de los derechos humanos.-</subfield>
  </datafield>
  <datafield tag="505" ind1="0" ind2=" ">
    <subfield code="a">Cap&#xED;tulo 34 :</subfield>
    <subfield code="t">La uni&#xF3;n panamericana.- el panamericanismo.- organizaci&#xF3;n de los Estados americanos (OEA).- su formaci&#xF3;n y fines.- la uni&#xF3;n panamericana.- el himno nacional.- el himno nacional dominicano.- el escudo.- la bandera.-</subfield>
  </datafield>
  <datafield tag="590" ind1=" " ind2=" ">
    <subfield code="a">Inventariado, 2023/ YL</subfield>
  </datafield>
  <datafield tag="650" ind1=" " ind2="0">
    <subfield code="a">Educaci&#xF3;n c&#xED;vica</subfield>
    <subfield code="y">Rep&#xFA;blica Dominicana</subfield>
    <subfield code="9">1206</subfield>
  </datafield>
  <datafield tag="910" ind1=" " ind2=" ">
    <subfield code="a">YLockward</subfield>
  </datafield>
  <datafield tag="942" ind1=" " ind2=" ">
    <subfield code="2">ddc</subfield>
    <subfield code="c">LBS1</subfield>
  </datafield>
  <datafield tag="952" ind1=" " ind2=" ">
    <subfield code="0">0</subfield>
    <subfield code="1">0</subfield>
    <subfield code="2">ddc</subfield>
    <subfield code="5">1</subfield>
    <subfield code="7">0</subfield>
    <subfield code="8">PD</subfield>
    <subfield code="a">BNPHU</subfield>
    <subfield code="b">BNPHU</subfield>
    <subfield code="c">CT</subfield>
    <subfield code="d">2014-12-01</subfield>
    <subfield code="e">Barbara Suncar</subfield>
    <subfield code="l">0</subfield>
    <subfield code="o">372.832 V768m</subfield>
    <subfield code="p">2023-5768</subfield>
    <subfield code="r">2023-09-12</subfield>
    <subfield code="w">2023-09-12</subfield>
    <subfield code="y">LBS1</subfield>
    <subfield code="z">Perteneci&#xF3; a la biblioteca personal de B&#xE1;rbara Suncar</subfield>
  </datafield>
  <datafield tag="999" ind1=" " ind2=" ">
    <subfield code="c">54699</subfield>
    <subfield code="d">54699</subfield>
  </datafield>
</record>
